00702 2200241 4500001002100000005001700021008004100038035002400079082000800103090001500111100002000126245010900146260003300255300002100288500002600309650003500335700002100370700002200391850001500413980001100428985000600439999001500445YOGYA-0209000000483220090227020740.0 ind  0010-020900000004832 a040 a040bHat K aHATTA, Mohammad aKumpulan pidatobdari tahun 1942-1949cMohammad Hatta ; disusun oleh I Wangsa Widjaja, Meutia F. Swasono aJakartabYayasan Idayuc1981 a... Jilidc21 cm aYang diterima : Jl. I aKumpulan pidato Mohammad Hatta aWijaya, I Wangsa aSwasono, Meutia F aYOPDYOG(B) a160505 a1 aP000026908